Statistics for Regions by Clue

Click here to take the quiz!

General Stats

  • This quiz has been taken 17 times
  • The average score is 9 of 12

Answer Stats

StatusHintAnswer% Correct
ProvincePoutine, Francopohone, Maple syrupQuébec
100%
Autonomous RegionHimalayas, Dalai Lama, Jokhang TempleTibet
100%
ProvinceNiagara Falls, Golden Horseshoe, CN TowerOntario
93%
CountryKilts, Nessie, William WallaceScotland
93%
Autonomous CommunitySeparatism, Gaudí, Costa BravaCatalonia
87%
Federal DistrictLabor camps, Permafrost, Lake BaikalSiberia
80%
Autonomous CommunityFlamenco, Alhambra, SherryAndalusia
73%
StateRio Grande, Cartel wars, Dog breedChihuahua
73%
StateVan Diemen, Mount Wellington, ____n DevilTasmania
67%
Autonomous CommunityPelota, ETA, Ancient languageBasque
60%
StateTaj Mahal, Varanasi, World's most populous regionUttar Pradesh
47%
Autonomous CommunityRemains of St. James, Bagpipes, CelticGalicia
27%

Score Distribution

Percentile by Number Answered

Percent of People with Each Score

Your Score History

You have not taken this quiz